[Event "Dindigul Cities-ch"]
[Site "Dindigul"]
[Date "2014.06.19"]
[Round "6.2"]
[White "Senthil Kumaran, RP."]
[Black "Ravi, Teja Sanka"]
[Result "1/2-1/2"]
[WhiteElo "2041"]
[BlackElo "2344"]
[PlyCount "69"]
[EventDate "2014.06.16"]
[EventType "team-swiss"]
[EventRounds "7"]
[EventCountry "IND"]
[SourceTitle "CBM 161 Extra"]
[Source "ChessBase"]
[SourceDate "2014.08.29"]
[SourceVersion "1"]
[SourceVersionDate "2014.08.29"]
[SourceQuality "1"]
[WhiteTeam "Thanjavur"]
[BlackTeam "Tenali"]
[WhiteTeamCountry "IND"]
[BlackTeamCountry "IND"]

1. Nf3 d5 2. d4 Nf6 3. Bg5 c6 4. Bxf6 gxf6 5. c3 Bg4 6. Nbd2 Nd7 7. h3 Bh5 8. e4 Qc7 9. exd5 cxd5 10. Qa4 Bh6 11. Bb5 a6 12. Bxd7+ Qxd7 13. Qxd7+ Kxd7 14. g4 Bg6 15. Ke2 Rac8 16. Nh4 Bc2 17. Rac1 Ba4 18. Nf5 Bb5+ 19. Kd1 Bf4 20. Ne3 e6 21. Ng2 Bd6 22. Nf3 Rhg8 23. Kd2 Bc4 24. a3 Rc6 25. Ne3 Bf4 26. Ne1 Rb6 27. b4 Kc8 28. N1g2 Bh6 29. f4 Rc6 30. h4 Bf8 31. Nxc4 Rxc4 32. Ne3 Rc6 33. g5 f5 34. c4 dxc4 35. Nxc4 1/2-1/2

[Event "Chennai op 3rd"]
[Site "Chennai"]
[Date "2011.01.20"]
[Round "4"]
[White "Danielsen, Henrik"]
[Black "Senthil Kumaran, RP."]
[Result "1-0"]
[WhiteElo "2519"]
[BlackElo "2114"]
[PlyCount "51"]
[EventDate "2011.01.18"]
[EventType "swiss"]
[EventRounds "11"]
[EventCountry "IND"]
[SourceTitle "CBM 140 Extra"]
[Source "ChessBase"]
[SourceDate "2011.03.01"]
[SourceVersion "1"]
[SourceVersionDate "2011.03.01"]
[SourceQuality "1"]

1. g3 e5 2. c4 d6 3. Bg2 f5 4. Nc3 Nf6 5. d3 c6 6. e4 Be7 7. Nge2 0-0 8. 0-0 a5 9. h3 Na6 10. exf5 Bxf5 11. g4 Be6 12. f4 exf4 13. Nxf4 Bf7 14. g5 Nd7 15. h4 Ne5 16. b3 Nc7 17. d4 Ng6 18. Nxg6 Bxg6 19. d5 c5 20. Bh3 Rxf1+ 21. Qxf1 h6 22. Qg2 hxg5 23. hxg5 Qe8 24. Bd2 Bd3 25. Re1 Qf7 26. Nb5 1-0

[Event "Tamil Nadu State-ch 54th"]
[Site "Chennai"]
[Date "2006.05.28"]
[Round "9"]
[White "Natarajan, C."]
[Black "Senthil Kumaran, RP."]
[Result "1-0"]
[WhiteElo "2283"]
[BlackElo "2170"]
[PlyCount "83"]
[EventDate "2006.05.20"]
[EventType "swiss"]
[EventRounds "11"]
[EventCountry "IND"]
[SourceTitle "EXT 2010"]
[Source "ChessBase"]
[SourceDate "2010.11.25"]
[SourceVersion "1"]
[SourceVersionDate "2010.11.25"]
[SourceQuality "1"]

1. d4 Nf6 2. Nf3 b6 3. Bf4 e6 4. e3 Bb7 5. Be2 Be7 6. h3 0-0 7. 0-0 d6 8. a4 a6 9. c3 Nbd7 10. Nbd2 Re8 11. Qb3 a5 12. Bh2 Ne4 13. Rad1 Bf8 14. Qc2 f5 15. b4 axb4 16. cxb4 Ndf6 17. Ra1 Bd5 18. Bb5 Re7 19. Rfc1 c5 20. bxc5 bxc5 21. dxc5 Nxc5 22. Bxd6 Qxd6 23. Qxc5 Qb8 24. Qd4 e5 25. Qc3 g6 26. Bc6 Rc7 27. Qxe5 Bxc6 28. Qe6+ Kh8 29. Rxc6 Bg7 30. Rac1 Rxc6 31. Rxc6 h6 32. Ne5 Kh7 33. Ndc4 Qb1+ 34. Kh2 Ra7 35. Nd6 f4 36. exf4 Rxa4 37. Rc7 Qa2 38. Rxg7+ Kxg7 39. Qe7+ Kg8 40. Qxf6 Ra7 41. Nxg6 Kh7 42. Ne7 1-0